Psicoterapia focalizada en la transferencia para pacientes limítrofes / (Record no. 113152)
[ view plain ]
| 000 -CABECERA | |
|---|---|
| campo de control de longitud fija | 00823nam a2200217 a 4500 |
| 005 - FECHA Y HORA DE LA ÚLTIMA TRANSACCIÓN | |
| campo de control | 20240208063711.0 |
| 008 - ELEMENTOS DE LONGITUD FIJA--INFORMACIÓN GENERAL | |
| campo de control de longitud fija | 051109s2004 mx r 000 0 spa d |
| 020 ## - NÚMERO INTERNACIONAL NORMALIZADO PARA LIBROS | |
| Número Internacional Estándar del Libro | 9685610207 |
| 035 ## - NÚMERO DE CONTROL DEL SISTEMA | |
| Número de control de sistema | UPN01000141004 |
| 049 ## - COLECCIÓN | |
| Colección | CG |
| 050 #4 - SIGNATURA TOPOGRÁFICA DE LA BIBLIOTECA DEL CONGRESO | |
| Número de clasificación | RC569.5 B6.7 |
| Número de documento/Ítem | L6.6 |
| 100 1# - ASIENTO PRINCIPAL--NOMBRE PERSONAL | |
| Nombre de persona | López Garza, David N. |
| 245 10 - MENCIÓN DE TÍTULO | |
| Título | Psicoterapia focalizada en la transferencia para pacientes limítrofes / |
| Mención de responsabilidad, etc. | David N. López Garza. |
| 260 ## - PUBLICACIÓN, DISTRIBUCIÓN, ETC. | |
| Lugar de publicación, distribución, etc. | México : |
| Nombre del editor, distribuidor, etc. | ETM : |
| -- | Asociación Psicoanálitica Mexicana, |
| Fecha de publicación, distribución, etc. | c2004. |
| 300 ## - DESCRIPCIÓN FÍSICA | |
| Extensión | xvi, 172 p. : |
| Otras características físicas | grafs., figs., cuadros |
| 534 ## - NOTA SOBRE LA VERSIÓN ORIGINAL | |
| Frase introductoria | Traducción de: |
| Mención de título del original | Transference focused psychometric for borderline personality disorders |
| 650 #2 - ASIENTO SECUNDARIO DE MATERIA - TERMINO TEMATICO | |
| Término de materia o nombre geográfico como elemento de entrada | Trastornos de la personalidad |
| 9 (RLIN) | 5295 |
| 650 #4 - ASIENTO SECUNDARIO DE MATERIA - TERMINO TEMATICO | |
| Término de materia o nombre geográfico como elemento de entrada | PSICOTERAPIA CENTRADA EN EL CLIENTE |
| 9 (RLIN) | 5926 |
| 650 #2 - ASIENTO SECUNDARIO DE MATERIA - TERMINO TEMATICO | |
| Término de materia o nombre geográfico como elemento de entrada | Transferencia (Psicología) |
| 9 (RLIN) | 5930 |
| 905 ## - TIPO DE MATERIAL | |
| Tipo de material | Libro |
| Estado de retiro | Estado de pérdida | Fuente del sistema de clasificación o colocación | Estado dañado | No para préstamo | Código de colección | Localización permanente | Ubicación/localización actual | Ubicación en estantería | Total de préstamos | Clasificación | Código de barras | En préstamo | Fecha visto por última vez | Fecha del último préstamo | Número de copia | Tipo de ítem Koha |
|---|---|---|---|---|---|---|---|---|---|---|---|---|---|---|---|---|
| Library of Congress Classification | Colección General | Bib. Gregorio Torres Quintero | Bib. Gregorio Torres Quintero | Planta baja | 5 | RC569.5 B6.7 L6.6 | 233110 | 20/03/2026 | 06/03/2026 | 06/03/2026 | 1 | Libro |
